Основы теории чисел = (Запись № 30708)

Подробности
000 -МАРКЕР
контрольное поле 01074nam a2200289 c 4500
001 - КОНТРОЛЬНЫЙ НОМЕР ЗАПИСИ
контрольное поле 000030708
003 - ПРИНАДЛЕЖНОСТЬ КОНТРОЛЬНОГО НОМЕРА
контрольное поле RuMoIPM
005 - ДАТА И ВРЕМЯ ПОСЛЕДНЕЙ ТРАНЗАКЦИИ
контрольное поле 20260602111500.0
008 - ЭЛЕМЕНТЫ ДАННЫХ ФИКСИРОВАННОЙ ДЛИНЫ
контрольное поле 230210s1972 ru ||||||| |||| ||rus d
035 ## - КОНТРОЛЬНЫЙ НОМЕР СИСТЕМЫ
контрольный номер системы (RuMoBEN) 001944173
035 ## - КОНТРОЛЬНЫЙ НОМЕР СИСТЕМЫ
контрольный номер системы (ELAR retro) [2022] 000008932
040 ## - ОРГАНИЗАЦИЯ-СОЗДАТЕЛЬ ЗАПИСИ
организация-создатель исходной библиографической записи RuMoBEN
язык каталогизации rus
правила каталогизации rcr
041 0# - КОД ЯЗЫКА
код языка текста Русский
код языка оригинала и/или промежуточных переводов текста eng
044 ## - КОД СТРАНЫ ПУБЛИКАЦИИ/ИЗГОТОВЛЕНИЯ
MARC код страны публикации/изготовления Российская Федерация
080 ## - ИНДЕКС УНИВЕРСАЛЬНОЙ ДЕСЯТИЧНОЙ КЛАССИФИКАЦИИ
индекс Универсальной десятичной классификации 511
080 ## - ИНДЕКС УНИВЕРСАЛЬНОЙ ДЕСЯТИЧНОЙ КЛАССИФИКАЦИИ
индекс Универсальной десятичной классификации 511.2
100 1# - ИМЯ ЛИЦА КАК ОСНОВНОЙ ПОИСКОВЫЙ ПРИЗНАК
имя лица Вейль, Андре
245 10 - ОБЛАСТЬ ЗАГЛАВИЯ И СВЕДЕНИЙ ОБ ОТВЕТСТВЕННОСТИ
заглавие Основы теории чисел =
сведения, относящиеся к заглавию, и т. д Basic Number Theory
сведения об ответственности и т. д А. Вейль ; Пер. с англ. А. Н. Вассерштейна и А. Н. Паршина ; Под ред. И. И. Пятецкого-Шапиро
260 ## - ОБЛАСТЬ ВЫХОДНЫХ ДАННЫХ
место публикации, распространения, изготовления и т. д Москва
издательство, издатель, распространитель и т. д Мир
дата издания, распространения и т. д 1972
300 ## - ОБЛАСТЬ КОЛИЧЕСТВЕННОЙ ХАРАКТЕРИСТИКИ
объём 408 с.
500 ## - ПРИМЕЧАНИЕ ОБЩЕГО ХАРАКТЕРА
текст примечания Перед загл. авт.: Андрэ Вейль
500 ## - ПРИМЕЧАНИЕ ОБЩЕГО ХАРАКТЕРА
текст примечания Пер. изд.: Andre Weil. Basic number theory. - Berlin; New York: Springer-Verlag, 1967
500 ## - ПРИМЕЧАНИЕ ОБЩЕГО ХАРАКТЕРА
текст примечания Доп. тит. л. англ.
504 ## - ПРИМЕЧАНИЕ О НАЛИЧИИ БИБЛИОГРАФИЧЕСКИХ ПЕРЕЧНЕЙ И ССЫЛОК
текст примечания Предм. указ.: с. 403-405
700 1# - ИМЯ ЛИЦА КАК ДОБАВОЧНЫЙ ПОИСКОВЫЙ ПРИЗНАК
имя лица Пятецкий-Шапиро, И. И.
роль лица относительно произведения ред.
942 ## - ДАННЫЕ О ЗАПИСИ (KOHA)
Тип экземпляра (KOHA) Книга
Экземпляры
Статус выдачи Библиотека держатель Текущая библиотека Местонахождение Шифр хранения Тип экземпляра
  Институт прикладной математики им. М.В. Келдыша Институт прикладной математики им. М.В. Келдыша Миусская 511.2 / В 26 Книга
  Институт прикладной математики им. М.В. Келдыша Институт прикладной математики им. М.В. Келдыша     Книга